00830nam a2200241 a 450000100060000000300080000600500170001400800410003103500190007203500140009104000180010504100080012308200220013110000370015324500910019026000430028130000260032450400190035060000500036994200120041999900170043195201400044821676BD-RjUL20211209000721.0140305s1937 ii b 000 0 eng d a(BD-RjUL)21741 a(BD-RjUL) aANLbengcANL aeng a891.443bDAC 19371 aDas Gupta, Jayanta Kumar.96694612aA critical study of the life and novels of Bankimcandra /cby Jayanta Kumar Das Gupta. aCalcutta :bCalcutta Universiy,c1937. axiv, 186 p. ;c23 cm. aincludes index10aChatterji, Bankim Chandra,d1838-1894.966948 2ddccBK c21676d21676 00102ddc40728FICaRUCLbRUCLcReadingd1962-11-26ekamchi bookg3.12l0o891.443 DAC 1937r2014-03-05 00:00:00tC-1w2014-03-05yBK